Fußball (DFB-Team): Deutsche Nationalspieler aus der zweiten Liga - Statistiken

Allgemein
  • Dieses Quiz wurde 256 mal gespielt
  • Das Durchschnittsergebnis liegt bei 3 aus 9
Antwortstatistiken
Jahr Damaliger Verein Spieler % Korrekt
2018 Köln Jonas Hector
94%
04/05 Köln Lukas Podolski
67%
07/08 Gladbach Oliver Neuville
33%
93/94 Florenz Stefan Effenberg
26%
2008 Gladbach Marko Marin
24%
07/08 Köln Patrick Helmes
22%
2002 Bochum Slawomir Freier
22%
1972 Offenbach Siegfried Held
7%
1975 1860 Ferdinand Keller
3%
Keine übereinstimmenden Quizze gefunden
Verteilung der Resultate
Anzahl Personen mit jedem Resultat
Perzentil nach korrekt beantworteten Fragen
Ihre Resultats-Entwicklung
Sie haben dieses Quiz noch nicht gespielt